000 00707nam a2200229 a 4500
001 BRCA_8155
005 20190320210145.0
008 020514s1946----gw-a###f##---#001-0#ger-#
041 _ager
044 _agw
050 4 _aN5198
_b.S35
_c1946
100 1 _aSchinz, Hans R.
_920321
245 1 0 _aVier jahrhunderte familie Schinz
_bein beispiel zürcherischer gelehrtentradition
_cVon Hans R. Schinz.
260 _aAlemania
_bAtlantis
_c1946
300 _a7 p.
_bil., retratos
_c29 cm.
500 _aX45
600 1 4 _aSchinz, Familia
_zAlemania
_920322
650 1 4 _aObras de arte
_vColeccionistas y colecciones
_920323
650 1 4 _aObras de arte
_vGlerías y museos
_920324
902 _aGFM
942 _2lcc
_cB
999 _c7823
_d7823